Every Song by Imagine Dragons - Statistics

General Stats
  • This quiz has been taken 80 times
    39 since last reset
  • The average score is 52 of 132
Answer Stats
Hint Answer % Correct
Evolve(2017) Believer
94%
Night Visions(2012) Demons
84%
Night Visions(2012) It's Time
84%
Night Visions(2012) Radioactive
84%
Evolve(2017) Thunder
84%
Non-Album(2021) Enemy
77%
Smoke + Mirrors(2014) Smoke and Mirrors
77%
Mercury – Act 2(2022) Bones
74%
Night Visions(2012) Amsterdam
71%
Origins(2018) Bad Liar
71%
Night Visions(2012) On Top of the World
71%
Origins(2018) Natural
68%
Night Visions(2012) Tiptoe
65%
Evolve(2017) Whatever It Takes
65%
Smoke + Mirrors(2014) Gold
61%
Smoke + Mirrors(2014)(Bonus) Monster
61%
Smoke + Mirrors(2014) Shots
61%
Night Visions(2012) Bleeding Out
58%
Mercury – Act 1(2021) Follow You
58%
Speak to Me(2008) Speak to Me
58%
LOOM(2024) Eyes Closed
55%
Smoke + Mirrors(2014) I Bet My Life
55%
LOOM(2024) Nice to Meet You
55%
Mercury – Act 2(2022) Sharks
55%
Origins(2018) Zero
55%
Smoke + Mirrors(2014) I'm So Sorry
52%
Evolve(2017)(Bonus) Next to Me
52%
Evolve(2017) Yesterday
52%
Origins(2018)(Bonus) Birds
48%
Origins(2018) Boomerang
48%
Night Visions(2012)(Bonus) Cha-Ching(Till We Grow Older)
48%
Evolve(2017) Dancing in the Dark
48%
Evolve(2017) I Don't Know Why
48%
Origins(2018) Love
48%
Evolve(2017) Mouth of the River
48%
Mercury – Act 1(2021) My Life
48%
Smoke + Mirrors(2014)(Bonus) Warriors
48%
Night Visions(2012) Every Night
45%
Hell and Silence(2010) | Night Visions(2012) Hear Me
45%
LOOM(2024) Kid
45%
Origins(2018) Machine
45%
Night Visions(2012) Nothing Left to Say/Rocks
45%
Smoke + Mirrors(2014) Polaroid
45%
Origins(2018) Stuck
45%
Smoke + Mirrors(2014) The Fall
45%
Night Visions(2012) Underdog
45%
Night Visions(2012)(Bonus) Working Man
45%
Mercury – Act 1(2021) #1
42%
Mercury – Act 1(2021) Cutthroat
42%
Origins(2018) Digital
42%
Hell and Silence(2010) Emma
42%
Smoke + Mirrors(2014) Friction
42%
Evolve(2017) Rise Up
42%
Smoke + Mirrors(2014)(Bonus) Second Chances
42%
Evolve(2017) Start Over
42%
Evolve(2017) Walking the Wire
42%
Origins(2018) West Coast
42%
It's Time(2011) America
39%
Origins(2018) Bullet in a Gun
39%
Origins(2018) Cool Out
39%
Mercury – Act 1(2021) Dull Knives
39%
Smoke + Mirrors(2014) Hopeless Opus
39%
Evolve(2017) I'll Make It Up to You
39%
Mercury – Act 1(2021) Monday
39%
Hell and Silence(2010) Selene
39%
Non-Album(2014) Battle Cry
35%
Origins(2018)(Bonus) Burn Out
35%
Imagine Dragons(2009) Cover Up
35%
Smoke + Mirrors(2014) Dream
35%
LOOM(2024) Fire In These Hills
35%
LOOM(2024) In Your Corner
35%
Mercury – Act 1(2021) Lonely
35%
Evolve(2017)(Bonus) Roots
35%
Smoke + Mirrors(2014) Summer
35%
It's Time(2011) Tokyo
35%
Imagine Dragons(2009) Uptight
35%
Mercury – Act 1(2021) Giants
32%
Imagine Dragons(2009) I Need a Minute
32%
Mercury – Act 1(2021) No Time for Toxic People
32%
Mercury – Act 1(2021) One Day
32%
Origins(2018) Only
32%
It's Time(2011) Pantomime
32%
Smoke + Mirrors(2014)(Bonus) Release
32%
LOOM(2024) Take Me to the Beach
32%
Smoke + Mirrors(2014)(Bonus) The Unknown
32%
Smoke + Mirrors(2014) Trouble
32%
LOOM(2024) Wake Up
32%
Mercury – Act 1(2021) Wrecked
32%
Mercury – Act 2(2022) Continual
29%
Imagine Dragons(2009) Drive
29%
Night Visions(2012)(Bonus) Fallen
29%
Mercury – Act 2(2022) Ferris Wheel
29%
Origins(2018)(Bonus) Real Life
29%
It's Time(2011) The River
29%
Mercury – Act 2(2022) They Don't Know You Like I Do
29%
Smoke + Mirrors(2014)(Bonus) Thief
29%
Mercury – Act 2(2022) Waves
29%
Speak to Me(2008) Boots
26%
Mercury – Act 1(2021) Easy Come Easy Go
26%
Mercury – Act 2(2022) I Don't Like Myself
26%
Continued Silence EP(2012) Round and Round
26%
Mercury – Act 2(2022) Symphony
26%
Mercury – Act 2(2022) Tied
26%
Mercury – Act 2(2022) Younger
26%
iTunes Session(2013) 30 Lives
23%
Non-Album(2023) Children of the Sky
23%
iTunes Session(2013) Destination
23%
Non-Album(2015) I Was Me
23%
Non-Album(2016) Levitate
23%
Continued Silence EP(2012) My Fault
23%
Non-Album(2016) Not Today
23%
Mercury – Act 2(2022) Sirens
23%
Hell and Silence(2010) All Eyes
19%
Mercury – Act 2(2022) Blur
19%
Mercury – Act 2(2022) Higher Ground
19%
Mercury – Act 1(2021) It's Ok
19%
Mercury – Act 2(2022) Crushed
16%
Imagine Dragons(2009) Curse
16%
Mercury – Act 2(2022) I'm Happy
16%
Mercury – Act 2(2022) I Wish
16%
Speak to Me(2008) Living Musical
16%
It's Time(2011) Look How Far We've Come
16%
Speak to Me(2008) Pistol Whip
16%
Speak to Me(2008) The Pit
16%
Hell and Silence(2010) I Don't Mind
13%
Mercury – Act 2(2022) Peace of Mind
13%
Mercury – Act 2(2022) Take It Easy
13%
It's Time(2011) Leave Me
10%
LOOM(2024) Don't Forget About Me
6%
Smoke + Mirrors(2014) It Comes Back for You
6%
LOOM(2024) Just Yet
0%
No matching quizzes found
Score Distribution
Percent of People with Each Score
Percentile by Number Answered
Your Score History
You have not taken this quiz since the last reset